Govt. of
Madhya Pradesh

Energy And Environment In India (Record no. 16025)

MARC details
000 -LEADER
fixed length control field 004830000a22001930004500
001 - CONTROL NUMBER
control field 004134
003 - CONTROL NUMBER IDENTIFIER
control field MACL
005 - DATE AND TIME OF LATEST TRANSACTION
control field 20150729143656.0
008 - FIXED-LENGTH DATA ELEMENTS--GENERAL INFORMATION
fixed length control field 150729b xxu||||| |||| 00| 0 eng d
040 ## - CATALOGING SOURCE
Original cataloging agency MACL
Transcribing agency MACL
041 ## - LANGUAGE CODE
Language code of text/sound track or separate title English
082 ## - DEWEY DECIMAL CLASSIFICATION NUMBER
Classification number 333.706/GUP
100 ## - MAIN ENTRY--PERSONAL NAME
Personal name Gupta, K.C.
9 (RLIN) 3197
245 ## - TITLE STATEMENT
Title Energy And Environment In India
Statement of responsibility, etc. K.C. Gupta
260 ## - PUBLICATION, DISTRIBUTION, ETC. (IMPRINT)
Place of publication, distribution, etc. New Delhi
Date of publication, distribution, etc. 2002
Name of publisher, distributor, etc. Gyan Publishing House,
350 ## - PRICE (NR) (BK AM CF MU VM SE) [OBSOLETE]
Price 690
650 ## - SUBJECT ADDED ENTRY--TOPICAL TERM
Topical term or geographic name as entry element Economics
9 (RLIN) 3198
942 ## - ADDED ENTRY ELEMENTS (KOHA)
Call number prefix 334
Koha item type Books
Source of classification or shelving scheme
Holdings
Withdrawn status Lost status Source of classification or shelving scheme Damaged status Not for loan Home library Current library Date acquired Cost, normal purchase price Total Checkouts Full call number Barcode Date last seen Uniform Resource Identifier Price effective from Koha item type
          MACL MACL 29/07/2015 690.00   333.706/GUP CRE015385 02/05/2024 15929 15/04/2015 Books